[Event "Vrindavana MMT op"]
[Site "Mathura"]
[Date "2023.04.25"]
[Round "5"]
[White "Chatterjee, KK."]
[Black "Shanmukha Teja, Pulli"]
[Result "1/2-1/2"]
[WhiteElo "2085"]
[BlackElo "1545"]
[PlyCount "92"]
[EventDate "2023.04.23"]
[EventType "swiss"]
[EventRounds "9"]
[EventCountry "IND"]
[SourceTitle "CBM 213 Extra"]
[Source "ChessBase"]
[SourceDate "2023.05.31"]
[SourceVersion "1"]
[SourceVersionDate "2023.05.31"]
[SourceQuality "1"]

1. e4 c6 2. d4 d5 3. exd5 cxd5 4. c4 Nf6 5. Nc3 Nc6 6. Bg5 dxc4 7. d5 Ne5 8. Qd4 Nd3+ 9. Bxd3 cxd3 10. Rd1 Bf5 11. Nf3 h6 12. Bxf6 exf6 13. 0-0 Be7 14. Qf4 Qd7 15. Rfe1 g5 16. Qd4 0-0 17. Ne4 Bxe4 18. Qxe4 Rfe8 19. Qxd3 Bb4 20. Rxe8+ Rxe8 21. Qd4 Qd6 22. a3 Bc5 23. Qc4 a5 24. g3 f5 25. Nd4 Re4 26. b4 axb4 27. axb4 Bxd4 28. Rxd4 Re1+ 29. Kg2 Qd7 30. d6 f4 31. Qd5 Kg7 32. Re4 Rxe4 33. Qxe4 Qxd6 34. Qxb7 fxg3 35. hxg3 h5 36. b5 h4 37. Qc6 Qd4 38. b6 h3+ 39. Kxh3 Qxf2 40. b7 Qb2 41. Qc7 Qe2 42. g4 Qf3+ 43. Kh2 Qf2+ 44. Kh3 Qf3+ 45. Kh2 Qf2+ 46. Kh3 Qf3+ 1/2-1/2

[Event "Hyderabad Singh Ji Memorial"]
[Site "Hyderabad"]
[Date "2023.01.13"]
[Round "8"]
[White "Majumder, Shrayan"]
[Black "Shanmukha Teja, Pulli"]
[Result "1/2-1/2"]
[WhiteElo "1788"]
[BlackElo "1557"]
[PlyCount "26"]
[EventDate "2023.01.10"]
[EventType "swiss"]
[EventRounds "9"]
[EventCountry "IND"]
[SourceTitle "CBM 212 Extra"]
[Source "ChessBase"]
[SourceDate "2023.03.31"]
[SourceVersion "1"]
[SourceVersionDate "2023.03.31"]
[SourceQuality "1"]

1. d4 d5 2. c4 c6 3. Nf3 Nf6 4. Qb3 e6 5. Bg5 Nbd7 6. Nc3 Be7 7. e3 h6 8. Bh4 Ne4 9. Bxe7 Qxe7 10. Bd3 f5 11. 0-0 0-0 12. Qc2 Qd6 13. Nd2 e5 1/2-1/2

[Event "Hyderabad Singh Ji Memorial"]
[Site "Hyderabad"]
[Date "2023.01.12"]
[Round "6"]
[White "Shanmukha Teja, Pulli"]
[Black "Daakshin, Arun"]
[Result "1-0"]
[WhiteElo "1557"]
[BlackElo "2038"]
[PlyCount "103"]
[EventDate "2023.01.10"]
[EventType "swiss"]
[EventRounds "9"]
[EventCountry "IND"]
[SourceTitle "CBM 212 Extra"]
[Source "ChessBase"]
[SourceDate "2023.03.31"]
[SourceVersion "1"]
[SourceVersionDate "2023.03.31"]
[SourceQuality "1"]

1. d4 Nf6 2. Bf4 g6 3. e3 Bg7 4. h3 d6 5. c4 Nbd7 6. Nf3 0-0 7. Nc3 Re8 8. Be2 b6 9. 0-0 Bb7 10. Qc2 e5 11. dxe5 dxe5 12. Bh2 a6 13. Rfd1 Qe7 14. Nd5 Nxd5 15. cxd5 Rac8 16. e4 Rf8 17. a4 Kh8 18. Bg3 a5 19. Bb5 Nc5 20. Qe2 Rcd8 21. Rac1 Bc8 22. Nd2 f5 23. f3 f4 24. Bf2 Nb7 25. Rc3 Bd7 26. Rdc1 Bxb5 27. Qxb5 Rd7 28. Qe2 Bf6 29. Nb1 Nd6 30. Na3 Rb8 31. Nb5 Ne8 32. Rc6 Qd8 33. Qc2 Rb7 34. Re6 Kg7 35. Qc6 Nd6 36. Nxd6 cxd6 37. Rxd6 Rxd6 38. Qxb7+ Rd7 39. Qxb6 Qe7 40. Qxa5 Rb7 41. b4 Kh6 42. Qc5 Qd8 43. d6 Qa8 44. a5 Bd8 45. Qc6 Qb8 46. Qc8 Rxb4 47. Qxb8 Rxb8 48. a6 Kh5 49. a7 Ra8 50. d7 Bh4 51. Bxh4 Kxh4 52. Rc8 1-0

[Event "Uadjpur Pandiyar Memorial 7th"]
[Site "Uadjpur"]
[Date "2022.10.09"]
[Round "4"]
[White "Rathore, SK."]
[Black "Shanmukha Teja, Pulli"]
[Result "1/2-1/2"]
[WhiteElo "1800"]
[BlackElo "1550"]
[PlyCount "98"]
[EventDate "2022.10.08"]
[EventType "swiss"]
[EventRounds "9"]
[EventCountry "IND"]
[SourceTitle "CBM 210 Extra"]
[Source "ChessBase"]
[SourceDate "2022.11.30"]
[SourceVersion "1"]
[SourceVersionDate "2022.11.30"]
[SourceQuality "1"]

1. e4 c6 2. Nc3 d5 3. d4 dxe4 4. Nxe4 Nf6 5. Nxf6+ exf6 6. c3 Bd6 7. Bd3 0-0 8. Ne2 Bg4 9. f3 Bh5 10. Qc2 Bg6 11. Bxg6 hxg6 12. g3 Re8 13. 0-0 Nd7 14. Bf4 Nf8 15. Rae1 Re7 16. Bxd6 Qxd6 17. Nf4 Rae8 18. Rxe7 Rxe7 19. Nd3 a5 20. f4 Nd7 21. Qf2 Qd5 22. b3 Qf5 23. Rd1 Qg4 24. Re1 Rxe1+ 25. Qxe1 Qf3 26. Qd2 Qe4 27. Nf2 Qb1+ 28. Kg2 f5 29. c4 b6 30. d5 cxd5 31. cxd5 Qa1 32. d6 Qf6 33. Nh3 Qe6 34. Ng5 Qe8 35. Kf1 Nc5 36. Qd5 Qb5+ 37. Kg1 Qe8 38. Kf2 Nd7 39. Qc6 Kh8 40. Nf3 f6 41. Nd4 Kh7 42. Nb5 Qd8 43. Qc7 Qe8 44. Qc6 Qd8 45. Qc7 Qe8 46. Qc6 Qd8 47. Nc3 Qe8 48. Nb5 Qd8 49. Nc3 Kh6 1/2-1/2

[Event "Mumbai Wealth rating op 4th"]
[Site "Mumbai"]
[Date "2018.12.30"]
[Round "1"]
[White "Shanmukha Teja, Pulli"]
[Black "Vivaan, Vijay Saraogi"]
[Result "0-1"]
[WhiteElo "1868"]
[BlackElo "1290"]
[PlyCount "58"]
[EventDate "2018.12.30"]
[EventType "swiss"]
[EventRounds "9"]
[EventCountry "IND"]
[SourceTitle "CBM 188 Extra"]
[Source "ChessBase"]
[SourceDate "2019.02.26"]
[SourceVersion "1"]
[SourceVersionDate "2019.02.26"]
[SourceQuality "1"]

1. d4 Nf6 2. Bf4 e6 3. e3 b6 4. Nd2 Bb7 5. Ngf3 Be7 6. Bd3 c5 7. c3 0-0 8. Qe2 d6 9. h3 Nbd7 10. Bh2 cxd4 11. exd4 Nd5 12. 0-0 N7f6 13. Rfe1 Nh5 14. g3 Rc8 15. a3 Re8 16. Bb5 Bc6 17. Ba6 Rb8 18. Bd3 Bf8 19. c4 Nc7 20. Ne5 dxe5 21. Qxh5 f5 22. Rxe5 Qxd4 23. Qe2 Rbd8 24. Re3 Qxb2 25. Rb1 Qxa3 26. Bxf5 exf5 27. Nf1 Rxe3 28. Nxe3 Qd3 29. Qe1 Qe4 0-1

[Event "Madrid Tajamar Easter op-A"]
[Site "Madrid"]
[Date "2018.03.27"]
[Round "7"]
[White "Shanmukha Teja, Pulli"]
[Black "Mkrtchyan, Levon"]
[Result "1/2-1/2"]
[WhiteElo "1817"]
[BlackElo "2177"]
[PlyCount "67"]
[EventDate "2018.03.22"]
[EventType "swiss"]
[EventRounds "7"]
[EventCountry "ESP"]
[SourceTitle "EXT 2019"]
[Source "ChessBase"]
[SourceDate "2018.10.10"]
[SourceVersion "1"]
[SourceVersionDate "2018.10.10"]
[SourceQuality "1"]

1. d4 Nf6 2. Bf4 c5 3. e3 cxd4 4. exd4 d5 5. c3 Qb6 6. Qb3 Qxb3 7. axb3 Nc6 8. Bd3 e6 9. h3 Be7 10. Na3 Bxa3 11. Rxa3 0-0 12. Nf3 Bd7 13. 0-0 a6 14. Rfa1 Rac8 15. b4 Na7 16. Ne5 Bb5 17. Bg5 h6 18. Bh4 g5 19. Bg3 Nh5 20. Bxb5 Nxb5 21. Ra5 Nxg3 22. fxg3 f6 23. Nd3 Rfe8 24. Re1 Nd6 25. Ra2 Ne4 26. g4 Re7 27. Nc5 Nxc5 28. bxc5 e5 29. b4 Rce8 30. Rf1 Re6 31. Rf5 exd4 32. cxd4 Rd8 33. b5 axb5 34. Rb2 1/2-1/2

[Event "IND-ch U25 26th"]
[Site "Port Blair"]
[Date "2017.07.18"]
[Round "8"]
[White "Shanmukha Teja, Pulli"]
[Black "Pukhraj, Singh"]
[Result "1-0"]
[WhiteElo "1896"]
[BlackElo "1616"]
[PlyCount "80"]
[EventDate "2017.07.13"]
[EventType "swiss"]
[EventRounds "9"]
[EventCountry "IND"]
[SourceTitle "EXT 2018"]
[Source "ChessBase"]
[SourceDate "2017.10.13"]
[SourceVersion "1"]
[SourceVersionDate "2017.10.13"]
[SourceQuality "1"]

1. d4 Nf6 2. Bf4 d5 3. e3 Bf5 4. Bd3 Bxd3 5. Qxd3 e6 6. Nd2 Bd6 7. Qb5+ Nbd7 8. Ngf3 Bxf4 9. exf4 Rb8 10. 0-0 0-0 11. Ne5 c6 12. Qd3 c5 13. c3 cxd4 14. cxd4 Nxe5 15. fxe5 Nd7 16. f4 f5 17. exf6 Qxf6 18. Rae1 Qf5 19. Qe3 Rbe8 20. Rf2 h6 21. g3 Rf7 22. Nf3 Nf6 23. Rg2 Ne4 24. Nd2 Nxd2 25. Qxd2 b6 26. Rge2 Rc7 27. Re5 Rc2 28. Qd1 Qh7 29. f5 Rxb2 30. Rxd5 Rc8 31. Rxe6 Rbc2 32. Rd8+ Rxd8 33. Qxc2 Rf8 34. Re5 Kh8 35. d5 Qg8 36. Re6 Qf7 37. d6 Qd7 38. Qb2 Qa4 39. Qd2 Qd7 40. Qd4 Qb5 1-0

[Event "IND-ch U25 26th"]
[Site "Port Blair"]
[Date "2017.07.14"]
[Round "3"]
[White "Sai, Hrushikesh Simhdri"]
[Black "Shanmukha Teja, Pulli"]
[Result "0-1"]
[WhiteElo "1251"]
[BlackElo "1896"]
[PlyCount "148"]
[EventDate "2017.07.13"]
[EventType "swiss"]
[EventRounds "9"]
[EventCountry "IND"]
[SourceTitle "EXT 2018"]
[Source "ChessBase"]
[SourceDate "2017.10.13"]
[SourceVersion "1"]
[SourceVersionDate "2017.10.13"]
[SourceQuality "1"]

1. e4 c6 2. d4 d5 3. e5 Bf5 4. h4 h5 5. Bd3 Bxd3 6. Qxd3 e6 7. Ne2 a6 8. c3 c5 9. a3 Nd7 10. b4 b6 11. Nd2 Ne7 12. Nf4 g6 13. Nf3 Nf5 14. g3 Be7 15. Bd2 cxd4 16. cxd4 b5 17. Rc1 Nb6 18. Ne2 Nc4 19. Rb1 Qb6 20. 0-0 0-0 21. Rfd1 Rfc8 22. Rdc1 Rc6 23. Rc3 Rac8 24. Kg2 Qb7 25. Kg1 Bd8 26. Kg2 Bb6 27. Be3 Qa7 28. Kg1 Qd7 29. Kg2 Qa7 30. Kg1 Qc7 31. Rbc1 Qd7 32. Rb1 Ra8 33. Kg2 Bd8 34. Kg1 Be7 35. Kg2 a5 36. Bd2 axb4 37. axb4 Ra2 38. Kg1 Qa7 39. Nc1 Ra1 40. Rcb3 Nxd2 41. Qxd2 Rxb1 42. Rxb1 Rc4 43. Ne2 Qa3 44. Ne1 Bxb4 45. Qd3 Qa4 46. Nf3 Ba5 47. Nf4 Bb6 48. Ne2 b4 49. Kg2 Ba7 50. Kg1 Qa2 51. Kf1 Bb6 52. Rb3 Nxd4 53. Nexd4 Bxd4 54. Nd2 Rc2 55. Qxd4 Rxd2 56. Qe3 Rxf2+ 57. Qxf2 Qxb3 58. Kg2 Qd3 59. Qf6 b3 60. Qd8+ Kh7 61. Qf8 Qe2+ 62. Kg1 Qf3 63. Kh2 b2 64. Qb8 Qf2+ 65. Kh3 Qf5+ 66. Kg2 b1Q 67. Qxb1 Qxb1 68. Kf3 Qe4+ 69. Kf2 d4 70. Kf1 d3 71. Kg1 d2 72. Kf1 d1R+ 73. Kf2 Rd2+ 74. Kf1 Qh1# 0-1

[Event "IND-chT 37th"]
[Site "Bhopal"]
[Date "2017.02.02"]
[Round "1.4"]
[White "Sekar, B."]
[Black "Shanmukha Teja, Pulli"]
[Result "1/2-1/2"]
[WhiteElo "2214"]
[BlackElo "1976"]
[PlyCount "73"]
[EventDate "2017.02.02"]
[EventType "team-swiss"]
[EventRounds "9"]
[EventCountry "IND"]
[SourceTitle "CBM 176 Extra"]
[Source "ChessBase"]
[SourceDate "2017.03.02"]
[SourceVersion "1"]
[SourceVersionDate "2017.03.02"]
[SourceQuality "1"]
[WhiteTeam "Viyugam CA"]
[BlackTeam "Telangana State II"]
[WhiteTeamCountry "IND"]
[BlackTeamCountry "IND"]

1. e4 c6 2. Nf3 d5 3. Nc3 dxe4 4. Nxe4 Nf6 5. Nxf6+ exf6 6. d4 Bd6 7. Bd3 0-0 8. Be3 Re8 9. Qd2 Be6 10. c4 Na6 11. 0-0 Nc7 12. Qc2 g6 13. Rad1 Bg4 14. Be2 Ne6 15. h3 Bf5 16. Qc1 Nf4 17. Rfe1 Nxe2+ 18. Rxe2 Qd7 19. Nh2 Bxh3 20. gxh3 Qxh3 21. f3 Bxh2+ 22. Rxh2 Qxf3 23. Bf2 Re4 24. Qd2 Rae8 25. Re1 f5 26. Rxe4 Rxe4 27. Rg2 Re2 28. Qc3 Qe4 29. d5 Rc2 30. Qe3 cxd5 31. cxd5 Qxd5 32. Qe8+ Kg7 33. Qe3 Rd2 34. Qc3+ Kg8 35. Qc8+ Kg7 36. Qc3+ Kg8 37. Qc8+ 1/2-1/2